000 00664nam a2200253Ia 4500
008 170203s9999 xx 000 0 und d
020 _a0 717257622
050 _a746.5
050 _bC885 2004
100 _aLocke, Sue.
245 _aBedroom book /
245 _cHelen Skillicorn; Grolier Incorporated.
260 _aDanbury, CT :
260 _bGrolier,
260 _c2003
300 _a32 pages :
300 _billustrations (chiefly color) ;
300 _c29 cm.
440 _aCrafts for kids (Grolier Incorporated).
500 _aIncludes index.
650 _aHandicraft --
650 _aHandicraft.
650 _xJuvenile literature.
999 _c305586
_d305586